书目信息 |
| 书名: | Impressions of Cuba in the nineteenth century | |
| 作者: | edited by Louis A. Pe?rez. | |
| 分册号: | ||
| 分册名: | 出版地: | Wilmington, Del. : |
|
| 出版社: | Scholarly Resources | |
| 出版时间: | 1998. | |
| 页数: | xvii, 150 p. : | |
| 开本: | 23 cm. | |
| 丛书名: | Latin American silhouettes | |
| 中图分类号: | ||
| 科图分类号: | ||
| 其他分类号: | K75 | |
| 主题词: | ||
| 电子资源: | ||
| 000 | 01486cam a2200373 a 450 | |
| 001 | E0741809094 | |
| 005 | 20070711114036.17 | |
| 008 | 970721s1998 deua b 000 0aeng | |
| 010 | @a97034086 | |
| 020 | @a0842026576 (cloth : alk. paper). | |
| 020 | @a0842026584 (paper : alk. paper). | |
| 035 | @A(DLC) 97034086 | |
| 040 | @aDLC@cDLC@dDLC | |
| 043 | @anwcu--- | |
| 050 | 00 | @aF1763@b.D56 1998 |
| 082 | 00 | @a917.29104/5@2 21 |
| 090 | @aK75 | |
| 099 | @dK75@ex11 | |
| 100 | 1 | @aDimock, Joseph Judson,@d1827-1862. |
| 245 | 10 | @aImpressions of Cuba in the nineteenth century :@bthe travel diary of Joseph J. Dimock / @cedited by Louis A. Pe?rez. |
| 260 | @aWilmington, Del. :@bScholarly Resources,@c1998. | |
| 300 | @axvii, 150 p. :@bill. ;@c23 cm. | |
| 440 | 0 | @aLatin American silhouettes |
| 504 | @aIncludes bibliographical references (p. 147-150). | |
| 600 | 10 | @aDimock, Joseph Judson,@d1827-1862@vDiaries. |
| 600 | 10 | @aDimock, Joseph Judson,@d1827-1862@xTravel@zCuba. |
| 651 | 0 | @aCuba@xDescription and travel. |
| 651 | 0 | @aCuba@xSocial life and customs. |
| 700 | 1 | @aPe?rez, Louis A.,@d1943- |
| 906 | @a7@bcbc@corignew@d1@eocip@f19@gy-gencatlg | |
| 920 | @a**LC HAS REQ’D # OF SHELF COPIES** | |
| 922 | @aad | |
| 955 | @apc14 to la00 07-21-97; lc09/lc04 (CIP) 07-21-97 to lc07 07-22-97; lc07 07-22-97; lc03 to ddc 07-24-97; CIP ver. lc09 04-24-98 to lc03 04-27-98; lc03 04-28-98 | |
| 991 | @bc-GenColl@hF1763@i.D56 1998@tCopy 1@wBOOKS | |
| Impressions of Cuba in the nineteenth century : : the travel diary of Joseph J. Dimock / / edited by Louis A. Pe?rez.-Wilmington, Del. : : Scholarly Resources, , 1998. |
| xvii, 150 p. : : ill. ; ; 23 cm.- (Latin American silhouettes ) |
| Includes bibliographical references (p. 147-150). |
| ISBN 0842026576 (cloth : alk. paper). |
| ● |
| 相关链接 |
|
|
|
|
正题名:Impressions of Cuba in the nineteenth century
索取号:K75/x11
 
预约/预借
| 序号 | 登录号 | 条形码 | 馆藏地/架位号 | 状态 | 备注 |
| 1 | 0011853 | 300118539 | 第二样本阅览室/ [索取号:K75/x11] | 在馆 |